| 000 | 00512nam a2200145 a 4500 | ||
|---|---|---|---|
| 001 | 000028918 | ||
| 005 | 20200930055222.0 | ||
| 008 | 110412s2000 dr 000 0 spa d | ||
| 040 |
_aDO-SdBNP _bspa _cBNPHU |
||
| 110 | 1 |
_aRepública Dominicana _bPoder Judicial _bSuprema Corte de Justicia _955712 |
|
| 245 | 1 | 0 | _aResoluciones de la Suprema Corte de Justicia en materia de niños, niñas y adolescentes /. |
| 260 |
_aSanto Domingo : _bSuprema Corte de Justicia, _c2000. |
||
| 300 |
_a65 p. ; _c22 cm. |
||
| 049 | _aBNPD | ||
| 999 |
_c28410 _d28410 |
||